| 000 | 00526nam a22001937a 4500 | ||
|---|---|---|---|
| 003 | OSt | ||
| 005 | 20140310182951.0 | ||
| 008 | 130206t xxu||||| |||| 00| 0 eng d | ||
| 020 | _a9710848917 | ||
| 050 |
_aBC 71 _b.Ag259 2005 |
||
| 100 | _aAgapay, Ramon B. | ||
| 245 |
_aLogic : _b the essentials of deductive reasoning / _cRamon B. Agapay. |
||
| 260 |
_aMetro Manila : _bNational Book Store, _c2005. |
||
| 300 |
_a214 p. : _bill. ; _c23 cm. |
||
| 521 | _aEDU | ||
| 562 | _e1 | ||
| 942 |
_2lcc _cBK _kLOC |
||
| 999 |
_c17900 _d17900 |
||